000120715 001__ 120715
000120715 005__ 20221220103624.0
000120715 037__ $$aTAZ-TFG-2022-1929
000120715 041__ $$aspa
000120715 1001_ $$aPorroche Sánchez, Miguel Ángel
000120715 24200 $$aThe enterprise solvence
000120715 24500 $$aLa solvencia de la empresa
000120715 260__ $$aZaragoza$$bUniversidad de Zaragoza$$c2022
000120715 506__ $$aby-nc-sa$$bCreative Commons$$c3.0$$uhttp://creativecommons.org/licenses/by-nc-sa/3.0/
000120715 520__ $$aEl objetivo de este informe ha sido medir la evolución del sector de venta de automóviles y vehículos de motor ligeros durante el período comprendido desde 2010 hasta 2020. Dicha evolución de la solvencia del grupo se ha comparado con la capcidad para hacer frente a las obligaciones de las cinco primeras compañías de este sector en términos de volumen de negocios: Mercedes Benz España SA, Volkswagen Group Distribution SA, PSAG Automóviles Comercial España SA, BMW Iberica SAU, Toyota España SL.<br />Para analizar la solvencia se han utilizado dos vertientes claramente diferenciados: el método estático y el método dinámico. El desarrollo del trabajo ha consistido en la aplicación de diferentes ratios y magnitudes en cada uno de los métodos para poder analizar dicha evolución y poder establecer comparaciones entre sector y compañías.<br />La última parte del trabajo se basa en conclusiones finales acerca de la capacidad de solvencia del sector y de las empresas, así como en la búsqueda de similitudes y diferencias entre ambos métodos aplicados.<br /><br />
000120715 521__ $$aGraduado en Finanzas y Contabilidad
000120715 540__ $$aDerechos regulados por licencia Creative Commons
000120715 700__ $$aGonzález Pascual, Julián$$edir.
000120715 7102_ $$aUniversidad de Zaragoza$$bContabilidad y Finanzas$$cEconomía Financiera y Contabilidad
000120715 8560_ $$f778770@unizar.es
000120715 8564_ $$s560834$$uhttps://zaguan.unizar.es/record/120715/files/TAZ-TFG-2022-1929.pdf$$yMemoria (spa)
000120715 909CO $$ooai:zaguan.unizar.es:120715$$pdriver$$ptrabajos-fin-grado
000120715 950__ $$a
000120715 951__ $$adeposita:2022-12-20
000120715 980__ $$aTAZ$$bTFG$$cECON
000120715 999__ $$a20220621125044.CREATION_DATE